Normal view
MARC view
- قصص عربيه-الاداب
Entry Topical Term
001 - CONTROL NUMBER
- control field: 57454
003 - CONTROL NUMBER IDENTIFIER
- control field: JO-AjAnu
005 - DATE AND TIME OF LATEST TRANSACTION
- control field: 20230606083417.0
008 - FIXED-LENGTH DATA ELEMENTS
- fixed length control field: 230606|| aca||aabn | a|a d
040 ## - CATALOGING SOURCE
- Original cataloging agency: JO-AjAnu
- Transcribing agency: JO-AjAnu
150 ## - HEADING--TOPICAL TERM
- Topical term or geographic name entry element: قصص عربيه-الاداب
670 ## - SOURCE DATA FOUND
- Source citation: Work cat.: (JO-AjAnu)29317: الطاهر، ايناس , author 57453, القمر وحكايات اخرى